| 000 | 00444nam a2200181 a 4500 | ||
|---|---|---|---|
| 001 | 0651 | ||
| 005 | 20140414132035.0 | ||
| 008 | 040201s19uu xx 00 eng d | ||
| 020 | _a0-394-89934-2 | ||
| 050 |
_aTR _bC58 1988 |
||
| 100 | _aAlley, R.W. | ||
| 245 |
_aClever carpenter, The / _cR.W. Alley. |
||
| 260 |
_aU.S.A : _bRandom House, _c1988. |
||
| 300 | _ap. ; cm. | ||
| 500 | _aTR/PS | ||
| 650 | _aCommunity worker | ||
| 999 |
_c113698 _d113698 |
||